Dôstojný nositeľ hviezdnych tradícií výrobca historicky najpredávanejšícej dodávky uvádza ďalšiu generáciu

Bibliographic Details
Main Author: Václavík, Ivan (Author)
Format: Article
Language:Slovak
PhysicalDescription:Fotogr.
ISSN:1337-0138
Subjects:

MARC

LEADER 00000nab a2200000 ar4500
001 vtls009004407
003 SK-MaSNL
005 20260303065637.0
008 070702c2007 xo mr|p|||||||000 b|slo
015 |a SNBRB2007/07  |2 snkbucl 
038 |a SNKBUCL 
040 |a SNKBUCL  |b slo  |c SNKBUCL  |e AACR2 
041 0 |a slo 
044 |a xo  |c SK 
080 |a 629.352  |2 2001 
100 1 |a Václavík, Ivan  |4 aut  |9 841238 
245 1 0 |a Dôstojný nositeľ hviezdnych tradícií  |b výrobca historicky najpredávanejšícej dodávky uvádza ďalšiu generáciu  |c Ivan Václavík 
300 |b Fotogr. 
650 0 7 |a Mercedes-Benz Sprinter (úžitkový automobil)  |2 snkbucl  |9 867372 
650 0 7 |a úžitkové automobily  |2 snkbucl  |9 705101 
773 0 |t Doprava a logistika  |g Roč. 2., č. 5 (2007), s. 36-37  |x 1337-0138 
852 |a SNK  |b KIS3GCP 
999 |c 1752030  |d 1753960